000 03895cam a22004814i 4500
003 PE-LiUPU
005 20250731173316.0
008 150625s2001 xxua rb 000 0 spa d
020 _a9780311324064
035 _a(Sirsi) i9780311324064
040 _aPE-LiUPU
_bspa
_cPE-LiUPU
_erda
049 _aPRUA
082 0 4 _a264.2
_bLP
_221
100 1 _aBrow, Don,
_eautor.
245 1 0 _aLecciones prácticas para dirigir el canto /
_cDon Brown.
250 _aCuarta edición.
264 1 _aEl Paso, TX :
_bMundo Hispano,
_c2001.
300 _a123 páginas :
_bilustraciones ;
_c21 centímetros.
336 _atext
_2rdacontent
337 _aunmediated
_2rdamedia
338 _avolume
_2rdacarrier
490 0 _aLecciones prácticas
504 _aBibliografía : página 119.
505 0 _aIntroducción -- Lección 1: Las bases de la dirección musical -- La música y la dirección -- La uniformidad en la dirección -- La base bíblica de la dirección -- La dirección del canto -- La preparación para dirigir -- Ser un líder -- El ritmo: Alma de la música -- Sentir el ritmo -- Actividades en la clase acentos métricos -- Lección 2: Señales básicas y la dirección del tiempo de dos -- Tres señales básicas en la dirección -- La señal de atención -- El tiempo de preparación -- La señal de terminación (el corte) -- El patrón de dos tiempos -- El tiempo de preparacicón en el segundo tiempo del patrón de dos tiempos -- El tiempo de preparación establece el carácter del himno -- Lección 3: La dirección del tiempo de tres -- El patrón de tres tiempos -- Procedimiento para practicar la dirección musical en el compás de tres tiempos que comienza en el tercer tiempo -- Actividades en la clase -- Himnos en 3 por 2, 9 por 4 y 9 por 8 que se pueden dirigir en tres -- El rebote -- Lección4: La dirección del tiempo de cuatro -- Repaso del compás de tres tiempos -- Actividades en clase -- El patrón de dirección de cuatro tiempos -- Actividades en clase -- Más sobre la señal de terminación -- Preparación para la señal de terminación -- Las repeticiones y otras indicaciones -- Lección 5: La dirección del teimpo de seis -- Repaso -- Ejercicios con el patrón de cuatro tiempos -- Repaso de los patrones de dos, tres y cuatro tiempos -- Actividades en la clase -- El patrón de seis tiempos -- Cómo empezar los himnos que comienzan en una subdivisión del tiempo -- La dircción del calderón -- Los calderones sin indicación -- Lección 6: La dirección del tiempo de nueve y otras técnicas -- Refinamiento de los patrones -- Los "si" y los "no" de la dirección -- La dirección expresiva -- El uso de más de un patrón dentro de un himno -- El patrón de nueve tiempos -- Himnos que comienzan con un silencio -- Himnos con más de una indicación de compás -- Himnos sin indicación de compás -- Ultimo repaso -- La dirección del compás de cinco tiempos (opcional) -- El ambiente físico -- Himnarios e instrumentos -- Los materiales y los derechos de autor -- Palabras al sabio -- Actividades para el aprendizaje personal -- Apéndice A -- Apéndice B -- Glosario -- Bibliografía.
526 _aSEG42
526 _aSEG41
526 _aSEG40
526 _aSEG39
526 _aP94
526 _aP87
526 _aP86
526 _aP85
526 _aP77
526 _aP76
526 _aP35
541 _g001-0000131;
650 0 4 _aDirección de cantos
_xDirection of songs.
942 _2ddc
_cBOOK
949 _a264.2 LP [4]
_wDEWEY
_c1
_i56449
_lCCODEBUL1
_mBUL
_p12.00
_r0
_sY
_tBOOK
_u2015-6-25
_xTEOLOGIA
_zUNKNOWN
_0COMPRA
_o.STAFF. Colección Teología
994 _aC0
_bPEPRU
596 _a1
999 _a264.2 LP
_wDEWEY
_c45694
_i56449
_f2021-11-10
_g5
_lCCODEBUL1
_mBUL
_p12.00
_r0
_sY
_tBOOK
_u2015-6-25
_xTEOLOGIA
_PP35
_0COMPRA
_o.STAFF. Colección Teología
_d45694
980 _81
_gALBERTO SANCHEZ Responsable de Automatización